Music Acts - B - Statistics

General Stats
  • This quiz has been taken 50 times
  • The average score is 7 of 15
Answer Stats
Hint Answer % Correct
Call Me, Island Of Lost Souls (US/UK) Blondie
76%
Tragedy, You Win Again (UK) Bee Gees
74%
Hot In The City, Rebel Yell (UK) Billy Idol
72%
Cruel Summer, Venus (UK) Bananarama
70%
Mandy, Copacabana (US) Barry Manilow
70%
It's Oh So Quiet, Hyperballad (Iceland) Bjork
65%
Tell Her About it, An Innocent Man (US) Billy Joel
61%
Country House, Girls And Boys (UK) Blur
50%
Circle In The Sand, I Get Weak (US) Belinda Carlisle
41%
Let's Jump The Broomstick, Rockin' Around The Christmas Tree (US) Brenda Lee
39%
Bye Bye Baby, Summerlove Sensation (UK) Bay City Rollers
33%
Sorry I'm A Lady, Yes Sir I Can Boogie (Spain) Baccara
30%
Ride on Time, Everybody Everybody (Italy) Black Box
24%
Hot Shot, Dancing On A Saturday Night (UK) Barry Blue
13%
Blind Vision, Living On The Ceiling (UK) Blancmange
13%
No matching quizzes found
Score Distribution
Percent of People with Each Score
Percentile by Number Answered
Your Score History
You have not taken this quiz